| 000 | 03315cam a2200505Mi 4500 | ||
|---|---|---|---|
| 999 |
_c3886 _d3886 |
||
| 001 | ocn862959879 | ||
| 003 | OCoLC | ||
| 005 | 20200304173639.0 | ||
| 008 | 131021q2013uuuufr f b 000 0 fre d | ||
| 016 | 7 |
_aFRBNF450307720000001 _2FrPBN |
|
| 020 | _a9782342010695 | ||
| 020 | _a2342010699 | ||
| 029 | 0 |
_aZWZ _b172472393 |
|
| 029 | 1 |
_aBDF _bFRBNF450307720000001 |
|
| 029 | 1 |
_aDEBSZ _b399422625 |
|
| 029 | 1 |
_aGBVCP _b775879053 |
|
| 035 | _a(OCoLC)862959879 | ||
| 040 |
_aZWZ _bfre _encafnor _cZWZ _dDEBSZ _dLOA _dLVB _dUQ1 _dBDF _dOCLCQ _dCHBCC |
||
| 049 | _aTZAA | ||
| 050 | 4 |
_aK712 _b.L55 |
|
| 082 | 0 | 4 | _aA341.4842 |
| 100 | 1 |
_aLikibi, Romuald, _eAuteur. _98969 |
|
| 245 | 1 | 3 |
_aDroit de l'apatridie _h[Texte imprimé] : _bpratiques et controverses / _cRomuald Likibi. |
| 260 |
_aParis : _bPublibook, _c2013. |
||
| 300 |
_a1 vol. (418 p.) ; _c24 cm. |
||
| 490 | 1 | _aDroit | |
| 504 | _aBibliogr. p. 385-386. Notes bibliogr. | ||
| 520 | _aLa 4e de couverture indique : "Alors que l'UE célèbre le 20e anniversaire de la "citoyenneté européenne", de nombreuses personnes dans le monde demeurent encore dans une situation de déni de droits de ce point de vue: les apatrides. Ce phénomène structurel et mondial est bien ancré dans le temps. Dépourvus de nationalité et de citoyenneté, ils ont le choix entre rester dans leur pays de naissance sans disposer d'aucune capacité juridique encore moins d'existence légale ou tenter de rejoindre d'autres horizons dans le but justement d'essayer d'y faire valoir des droits parmi les plus élémentaires. Quand une partie de l'humanité refuse soit d'accorder soit de reconnaître à une autre sa part humanité, l'on ne peut que s'interroger sur la réalité voire l'état même des droits de l'homme. Malheureusement même dans les pays d'accueil, leur sort est tout aussi ingrat qu'indigne. La condition du demandeur du statut d'apatridie en Europe laisse à désirer. Cet ouvrage est une introspection permettant de ramener la lumière sur cette catégorie de migrants en comparant les actions possibles des différents acteurs de la société internationale. Le rôle du H.C.R est analysé sans artifices et surtout de manière soutenue et objective. Y sont également scrutées les multiples tentatives de réponses apportées à tous les échelons suivies d'un examen méticuleux de quelques procédures de demande du statut d'apatride à l'instar de ceux de la France et de la Belgique. Aucun continent n'est oublié par ce travail complet et parcimonieux. Un éclairage édifiant qui interpelle inévitablement chacun d'entre nous en tant que citoyen du monde." | ||
| 650 | 0 |
_aApatridie. _91399 |
|
| 650 | 0 |
_aApatrides _xStatut juridique. |
|
| 650 | 6 |
_aApatridie. _91399 |
|
| 650 | 6 |
_aApatrides _xDroit. |
|
| 650 | 7 |
_aApatridie. _2ram _91399 |
|
| 650 | 7 |
_aApatrides _xStatut juridique. _2ram |
|
| 650 | 7 |
_aCitizenship _91402 |
|
| 650 | 7 |
_aApatridie. _2rero _91399 |
|
| 650 | 7 |
_aNationalité _2rero |
|
| 650 | 7 |
_aDroit international. _2rero |
|
| 650 | 7 |
_aDroit. _2rero |
|
| 650 | 7 |
_aStatelessness _91398 |
|
| 651 | 7 |
_aFrance. _2rero |
|
| 830 | 0 |
_aEPU, Éditions Publibook université _913788 |
|
| 856 | 4 | 2 |
_3Notice et cote du catalogue de la Bibliothèque nationale de France _uhttp://catalogue.bnf.fr/ark:/12148/cb45030772k |
| 942 |
_2lcc _cBOOK |
||